000 00852nam a2200265Ia 4500
003 OSt
005 20221005092124.0
006 a|||||r|||| 00| 0
007 ta
008 221004b |||||||| |||| 00| 0 eng d
020 _a9780415890687 (hbk)
_c7032
024 _a122063
037 _b79/2012-13, 21/08/2012, Pioneer Books Distributors
_cTextual
040 _aCRL
_cCRL
_beng
041 _2eng
_aeng
082 _aR4, Q2
100 _aSmith Willam Hosmer
_9616917
245 0 _aPhenomenology of moral normativity
260 _aNew York
_bRoutledge Taylor & Francis Group USA
_c2012
300 _axv,215p.
_ccm.
490 _aRoutledge studies in ethics and moral theory
650 _aPHILOSOPHY
942 _hR4, Q2
_cTEXL
_2cc
999 _c998386
_d998386